00953 2200277 4500001002100000005001500021035002000036007000300056008004100059020001800100082001200118084001600130245019200146250002000338300003000358650001400388700003400402700002400436520007900460264003000539336002100569337003000590338002300620990001600643990001600659INLIS00000000000021020260417030045 a0010-0426000209ta260417 g 0 ind  a9789792931488 a005.369 a005.369 PAN aPanduan aplikatif & solusi (PAS) desain web 3 in 1 :bphotoshop, flash & dreamweaver /cPenyunting , Benedicta Rini W. ;Setting , Sri Sulistiyani ; Ilustrator , dan_dut ; Korektor , Erang aCetakan pertama a216 :bIlustrasi ;c23 cm 4aSitus web0 aBenedicta Rini W.ePenyunting0 adan_duteIlustrator aPanduan praktis yang mengajarkan pembuatan website dari awal hingga akhir. aYogyakarta :bANDI,c2012 2rdacontentaTeks 2rdamediaaTanpa perantara 2rdacarrieraVolume aPP000355/19 aPP000356/19